000 00722nam a2200289Ia 4500
005 20260324112322.0
008 008 260324s9999 xx 000 0 eng d
020 _a9781003401896
037 _aEBOOK
040 _aCRL
040 _beng
040 _cCRL
041 _2eng
041 _aeng
084 _qCRL
100 _aViktor E. Frankl
_91142199
245 0 _aOn the Theory and Therapy of Mental Disorders
245 3 _bAn Introduction to Logotherapy and Existential Analysis
260 _bTaylor and Francis
260 _c2024
365 _a
365 _b220
856 _uhttp://www.taylorfrancis.com/books/9781003401896
942 _cEBOOK
999 _c1731357
_d1731357